Ecohouse: a design guide
Gorde:
| Egile Nagusiak: | , , |
|---|---|
| Formatua: | Liburua |
| Hizkuntza: | ingelesa |
| Argitaratua: |
Oxford
Elsevier
2007
Oxford Architectural Press 2007 |
| Edizioa: | 3a. ed |
| Gaiak: | |
| Etiketak: |
Etiketa erantsi
Etiketarik gabe, Izan zaitez lehena erregistro honi etiketa jartzen!
|
MARC
| LEADER | 00000nam a2200000 a 4500 | ||
|---|---|---|---|
| 001 | UCH9959 | ||
| 003 | CL-VaPUC | ||
| 008 | 100304e20070000uk |||||||||||||||||eng|d | ||
| 020 | |a 9780750639030 | ||
| 082 | 0 | 4 | |a 690.837 |b ROA |2 21 |
| 100 | 0 | |a Roaf, Sue |e author |9 547290 | |
| 700 | 0 | |a Fuentes, Manuel |e author |9 547291 | |
| 700 | 0 | |a Thomas, Stephanie |e author |9 547292 | |
| 245 | 1 | 0 | |a Ecohouse: a design guide |
| 250 | |a 3a. ed | ||
| 300 | |a 479 p | ||
| 942 | |c BK | ||
| 945 | |d 20100304 00:00:00 |a cmena | ||
| 260 | |a Oxford |b Elsevier |c 2007 | ||
| 260 | |a Oxford |b Architectural Press |c 2007 | ||
| 650 | 0 | |a Construcción de viviendas |9 266842 | |
| 650 | 0 | |a Ecología |9 258124 | |
| 650 | 0 | |a Materiales de construcción |9 260197 | |
| 650 | 0 | |a Desarrollo sustentable |9 333905 | |
| 650 | 0 | |a Arquitectura y sociedad |9 265229 | |
| 650 | 7 | |a CONSERVACION DE ENERGIA |2 CL-VaPUC |9 260502 | |
| 650 | 0 | |a Industria de la construcción |9 267175 | |
| 583 | |a last modification |c 20171010 01:47:40 |k Rodrigo Vera | ||
| 999 | |c 339781 |d 339779 | ||
| 952 | |0 0 |1 0 |4 0 |6 690_837000000000000_ROA_2007_2007 |7 0 |8 A |9 433689 |a BIBING |b BIBING |d 2019-11-22 |i 4641639 |o 690.837 ROA 2007 2007 |p 4641639 |r 2025-01-20 |w 2019-11-22 |y BK |k CCL | ||